| 000 | 00540nam a22001457a 4500 | ||
|---|---|---|---|
| 005 | 20250206173455.0 | ||
| 008 | 241104b |||||||| |||| 00| 0 eng d | ||
| 100 |
_aZuckerberman, Catherine. _eauthor. _963526 |
||
| 245 |
_aPlanet possible / _cCatherine Zuckerman. |
||
| 260 |
_aWashington ; _bNational Geographic Partners, LLC., _cNovember 2022. |
||
| 300 |
_avolume 241, pages 26-27, _billustration. |
||
| 500 | _aNational Geographic, v. 242, n. 11, pages 26-27, September 2022. | ||
| 700 |
_aZuckerman, Catherine. _963525 |
||
| 942 |
_2ddc _cPER |
||
| 999 |
_c22952 _d22952 |
||